00881 a2200397 4500000002100000001000700021005001700028008004100045010000500086020001500091082002200106100004900128110000500177245009700182250000500279260002800284300001000312490000700322500000500329600000500334610000500339611000500344630001600349650000500365651000500370654000500375700002900380700003100409710000900440711000500449720000500454730000500459740000500464752000500469856000900474BKB 14523620200902170914.0  a a0275949044 a362.1969792bM78A1 aAIDS education: reaching diverse populations a1 aAIDS education: reaching diverse populationscedited by Melinda K. Moore and Martin L. Forst a aWestportbPraegerc1996 a237p. av a a a a aSocial Work a a a aForst, Martin L. ed.bc aMoore, Melinda K., ed.bc abc a a a a a adf